Illinois Major & Minor Teams - Statistics

General Stats
  • This quiz has been taken 38 times
    32 since last reset
  • The average score is 19 of 34
Answer Stats
NCAA % Correct
Chicago Bears
100%
Chicago Blackhawks
100%
Chicago Bulls
100%
Chicago Cubs
100%
Windy City Bulls
100%
Chicago White Sox
96%
Illinois Fighting Illini
85%
Northwestern Wildcats
77%
Chicago Wolves
73%
Chicago Sky
62%
DePaul Blue Demons
62%
UIC Flames
62%
Chicago State Cougars
58%
Illinois State Redbirds
58%
Northern Illinois Huskies
58%
Kane County Cougars
54%
Loyola Ramblers
54%
SIU Edwardsville Cougars
54%
Southern Illinois Salukis
54%
Eastern Illinois Panthers
50%
Rockford IceHogs
50%
Chicago Fire FC II
46%
Western Illinois Leathernecks
46%
Bradley Braves
42%
Chicago Red Stars
42%
Chicago Fire FC
38%
Chicago Dogs
35%
Peoria Chiefs
35%
Schaumburg Boomers
35%
Chicago Steel
27%
Joliet Slammers
27%
Gateway Grizzlies
23%
Windy City ThunderBolts
23%
Springfield Jr. Blues
19%
No matching quizzes found
Score Distribution
Percent of People with Each Score
Percentile by Number Answered
Your Score History
You have not taken this quiz since the last reset